01110nam a2200241 i 4500001000700000003000900007005001700016007000300033008004100036100003800077245011400115260003000229300003000259490010200289650005800391700003100449700003600480710008100516830011000597852002100707999001900728952012100747143499ES-MaACL20230906200831.0t|070214s1981 sp r ||||1| spa d1 aSeoánez Calvo, Mariano.910549610aContaminación agraria / cMariano Seoánez Calvo, Pilar Oliet Plá ; prólogo de Jaime Lamo de Espinosa. aMadrid : bCIFCA, c1981. a266 p. : bil. ; c24 cm.1 aCuadernos de bibliografía del Centro Internacional de Formación en Ciencias Ambientales ; v4 4aContaminación agrícola-vBibliografías.91664791 aOliet Plá, Pilar.9867201 aLamo de Espinosa, Jaime.9698622 aCentro Internacional de Formación en Ciencias Ambientales (Madrid)91664800 aCuadernos de bibliografía del Centro Internacional de Formación en Ciencias Ambientales ; v49220571 aES-MaACLjL-1281 c143499d143499 00104070aATENEOMbATENEOMcDEPO2d2008-01-17eSCl0oL-1281p1149300r2023-02-23 00:00:00w2023-02-23yMONOGRAFIA